| 000 | 00387nam a22001217a 4500 | ||
|---|---|---|---|
| 999 |
_c9414 _d9414 |
||
| 003 | OSt | ||
| 008 | 201203b ||||| |||| 00| 0 eng d | ||
| 245 | _aAsian Dyer | ||
| 250 | _a2011( Feb-Mar Vol.8 No.1, Jun-Jul Vol.8 No.3, Aug-Sep Vol.8 No.4, Oct-Nov Vol.8 No.5) 2011 - 12( Dec-Jan Vol.8 No.6 ) | ||
| 260 |
_aMumbai _bTexchem Publication |
||
| 650 | _aTextile Engineering | ||
| 942 |
_2ddc _cBV |
||